| 000 | 00844nam a22002297a 4500 | ||
|---|---|---|---|
| 003 | urs | ||
| 005 | 20230119115800.0 | ||
| 008 | 230119b |||||||| |||| 00| 0 eng d | ||
| 100 |
_93355 _aBlanquisco, Sheryll Joy B. _eauthor |
||
| 245 |
_aInvestment knowledge and Behavior of Goverment Employees in the Municipality of Binangonan, Rizal _cSherylle Joy B. Blanquisco, Kyla B. Mendoza, Andrea B. Satiada |
||
| 260 | _c2022 | ||
| 300 |
_axi, 76 leaves _c28 cm |
||
| 336 |
_2rdacontent _atext |
||
| 337 |
_2rdamedia _aunmedia |
||
| 338 |
_2rdacarrier _avolume |
||
| 502 |
_athesis _bBSBA-FM _cUniversity of Rizal System Binangonan _d2022 |
||
| 504 | _aincludes bibliographical references | ||
| 700 |
_93359 _aKyla B. Mendoza _eauthor |
||
| 700 |
_93360 _aAndrea B. Satiada _eauthor |
||
| 700 |
_91713 _aEvelyn V. Diaz, MM _eadviser |
||
| 942 |
_2lcc _cT |
||
| 999 |
_c67857 _d67857 |
||